Nationalism in a Transnational Age (Record no. 12003)
[ view plain ]
| 000 -LEADER | |
|---|---|
| fixed length control field | 00488nam a2200121Ia 4500 |
| 008 - FIXED-LENGTH DATA ELEMENTS--GENERAL INFORMATION | |
| fixed length control field | 220615s9999||||xx |||||||||||||| ||und|| |
| 245 #0 - TITLE STATEMENT | |
| Title | Nationalism in a Transnational Age |
| Remainder of title | Irrational Fears and the Strategic Abuse of Nationalist Pride |
| 546 ## - LANGUAGE NOTE | |
| Language note | English[eng] |
| 650 ## - SUBJECT ADDED ENTRY--TOPICAL TERM | |
| Topical term or geographic name entry element | Nationalism||Internationalism||Transnationalism||Globalization |
| 700 ## - ADDED ENTRY--PERSONAL NAME | |
| Personal name | Jacob, Frank||Schapkow, Carsten |
| 856 ## - ELECTRONIC LOCATION AND ACCESS | |
| Uniform Resource Identifier | <a href="https://library.oapen.org/bitstream/20.500.12657/52338/1/9783110729290.pdf">https://library.oapen.org/bitstream/20.500.12657/52338/1/9783110729290.pdf</a> |
| 942 ## - ADDED ENTRY ELEMENTS (KOHA) | |
| Koha item type | E-Books |
| Withdrawn status | Lost status | Damaged status | Not for loan | Home library | Current library | Date acquired | Total Checkouts | Date last seen | Price effective from | Koha item type |
|---|---|---|---|---|---|---|---|---|---|---|
| Kerala University of Digital Sciences, Innovation and Technology Knowledge Centre | Kerala University of Digital Sciences, Innovation and Technology Knowledge Centre | 15/06/2022 | 15/06/2022 | 15/06/2022 | E-Books |